| 000 | 005070000a22001810004500 | ||
|---|---|---|---|
| 003 | MACL | ||
| 005 | 20160228163657.0 | ||
| 008 | 160228b xxu||||| |||| 00| 0 eng d | ||
| 040 |
_aMACL _cMACL |
||
| 041 | _aHindi | ||
| 082 | _a800 | ||
| 100 |
_aडॉ आत्मानन्द मिश्र _941435 |
||
| 245 | _aबे बात की बात | ||
| 260 |
_bग्रन्थम _c1967 _aकानपुर |
||
| 350 | _a8 | ||
| 650 |
_aLiteracture _941436 |
||
| 942 |
_cHIN _k800 _2ddc |
||
| 999 |
_c25823 _d25823 |
||